| 000 | 00461nam a22001457a 4500 | ||
|---|---|---|---|
| 020 | _a0907776183 | ||
| 082 |
_222 _a658.5 |
||
| 100 | _bA Bouras, A; ...[et al. ]. | ||
| 245 |
_aProduct lifestyle management : _bemerging solutions and challenges for global networked enterprise / |
||
| 260 |
_aSwitzerland, _bIndersaence Publishers, _cc2005. |
||
| 300 |
_ax, 587 p. ; _bill. ; _c24 cm. |
||
| 700 | _aGurumoo, thy B, | ||
| 700 | _aand Sudarsan, R. | ||
| 942 |
_2ddc _cMAG |
||
| 999 |
_c3867 _d3867 |
||